000 00769nam a22002297a 4500
005 20251108173349.0
008 250721s1998 xx 000 0 ara d
020 _a9772615975
082 1 4 _aط/591.6
100 1 _aجانيري، أنيتا
245 1 0 _aعجائب الكائنات الشائكة و السامة : نظرة قريبة إلى الحيوانات و النباتات الخطرة /
264 1 _aالقاهره :
_bشركة سفير،
_c1998.
300 _a45ص. : مص
650 1 7 _aالحيوانات الضارة
650 1 7 _aالسموم
650 1 7 _aالفقاريات
650 1 7 _aاللافقاريات
653 _a(سنة 14-10) ناشئون صغار
700 1 _aغنيم، كارم
942 _2ddc
_cBK
999 _c102162
_d102162